Bhaugolika śabdakośa aura paribhāshāyeṃ. (Record no. 66702)

MARC details
000 -LEADER
fixed length control field 00636cam a22002411 4500
001 - CONTROL NUMBER
control field sa 65010384
003 - CONTROL NUMBER IDENTIFIER
control field DLC
005 - DATE AND TIME OF LATEST TRANSACTION
control field 20260227112208.0
008 - FIXED-LENGTH DATA ELEMENTS--GENERAL INFORMATION
fixed length control field 890628s1963 ii a d 000 0 hino
010 ## - LIBRARY OF CONGRESS CONTROL NUMBER
LC control number sa 65010384
035 ## - SYSTEM CONTROL NUMBER
System control number (OCoLC)19944026
040 ## - CATALOGING SOURCE
Original cataloging agency DLC
Transcribing agency WaU
Modifying agency DLC
041 0# - LANGUAGE CODE
Language code of text/sound track or separate title hineng
042 ## - AUTHENTICATION CODE
Authentication code premarc
050 00 - LIBRARY OF CONGRESS CALL NUMBER
Classification number G108.H5
Item number K35 1963
100 1# - MAIN ENTRY--PERSONAL NAME
Personal name Kapoor, A. N.
245 10 - TITLE STATEMENT
Title Bhaugolika śabdakośa aura paribhāshāyeṃ.
260 ## - PUBLICATION, DISTRIBUTION, ETC.
Date of publication, distribution, etc. 1963.
300 ## - PHYSICAL DESCRIPTION
Extent 4, 498 p.
Other physical details illus.
Dimensions 22 cm.
500 ## - GENERAL NOTE
General note In Hindi.
650 #0 - SUBJECT ADDED ENTRY--TOPICAL TERM
Topical term or geographic name entry element Geography
General subdivision Dictionaries
-- Hindi.
650 #0 - SUBJECT ADDED ENTRY--TOPICAL TERM
Topical term or geographic name entry element English language
General subdivision Dictionaries
-- Hindi.

No items available.

Powered by Koha